Six-Word Movie Titles Quiz Stats

Quiz Updated Mar 22, 2013

Challenge
Share
Tweet
Embed
Score 0/30 Timer 06:00
1 Play Today
Year/Director Movie % Correct
(1977) Steven SpielbergClose Encounters Of The Third Kind
66%
(1975) Milos ForemanOne Flew Over The Cuckoo's Nest
61.9%
(1989) Steven SpielbergIndiana Jones And The Last Crusade
50.1%
(2008) David FincherThe Curious Case of Benjamin Button
43.7%
(2004) Michel GondryEternal Sunshine Of The Spotless Mind
38.8%
(1975) Terry Gilliam/Terry JonesMonty Python And The Holy Grail
35%
(1997) David MirkinRomy And Michele's High School Reunion
32.6%
(1999) Gil Junger10 Things I Hate About You
32.5%
(1992) Curtis HansonThe Hand That Rocks The Cradle
25.4%
(1969) George Roy HillButch Cassidy And The Sundance Kid
22.6%
(1967) Norman JewisonIn The Heat Of The Night
21.9%
(2005) Ken KwapisThe Sisterhood of the Travelling Pants
20.4%
(1998) Kevin Rodney SullivanHow Stella Got Her Groove Back
18.8%
(1998) Terry GilliamFear And Loathing In Las Vegas
18.6%
(1974) Guy HamiltonThe Man With The Golden Gun
18.1%
Year/Director Movie % Correct
(1957) David LeanThe Bridge On The River Kwai
16.9%
(2008) Scott DerricksonThe Day The Earth Stood Still
16.3%
(2007) Jake KasdanWalk Hard: The Dewey Cox Story
12.5%
(2005) Garth JenningsThe Hitchhiker's Guide To The Galaxy
11.3%
(2009) Ken KwapisHe's Just Not That Into You
11.3%
(2007) Sidney LumetBefore The Devil Knows You're Dead
11.1%
(2008) Dennis DuganYou Don't Mess With The Zohan
10%
(1956) Michael AndersonAround The World In 80 Days
8.8%
(1972) Wes CravenThe Last House On The Left
7.8%
(1946) William WylerThe Best Years Of Our Lives
7.3%
(1930) Lewis MilestoneAll Quiet On The Western Front
5.7%
(2004) Robert LuketicWin A Date With Tad Hamilton!
4.3%
(2006) Dito MontielA Guide To Recognizing Your Saints
2.7%
(2007) Mike NewellLove In The Time Of Cholera
2.7%
(2002) Peter CareThe Dangerous Lives of Altar Boys
1.1%

You're not logged in!

Compare scores with friends on all Sporcle quizzes.
Join for Free
OR
Log In

You Might Also Like...

Show Comments

Extras

Top Quizzes Today


Score Distribution

Your Account Isn't Verified!

In order to create a playlist on Sporcle, you need to verify the email address you used during registration. Go to your Sporcle Settings to finish the process.

Report this User

Report this user for behavior that violates our Community Guidelines.

Details: